Conflict management & conflict resolution in corrections/ (Record no. 1175)

MARC details
000 -LEADER
fixed length control field 00684nam a2200229 a 4500
005 - DATE AND TIME OF LATEST TRANSACTION
control field 20260322212050.0
008 - FIXED-LENGTH DATA ELEMENTS--GENERAL INFORMATION
fixed length control field data
010 ## - LIBRARY OF CONGRESS CONTROL NUMBER
LC control number 98-050580
020 ## - INTERNATIONAL STANDARD BOOK NUMBER
International Standard Book Number 1569910960 (pbk.)
020 ## - INTERNATIONAL STANDARD BOOK NUMBER
International Standard Book Number 9781569910962 (pbk.)
040 ## - CATALOGING SOURCE
Original cataloging agency Borders/Amazon
090 ## - LOCALLY ASSIGNED LC-TYPE CALL NUMBER (OCLC); LOCAL CALL NUMBER (RLIN)
Classification number (OCLC) (R) ; Classification number, CALL (RLIN) (NR) HV 8763 C54 1999
001 - CONTROL NUMBER
control field data
100 1# - MAIN ENTRY--PERSONAL NAME
Personal name Christian, Thomas F.
245 10 - TITLE STATEMENT
Title Conflict management & conflict resolution in corrections/
Statement of responsibility, etc. Thomas F. Christian.
260 ## - PUBLICATION, DISTRIBUTION, ETC.
Place of publication, distribution, etc. Lanham, Md.
Name of publisher, distributor, etc. American Correctional Association
Date of publication, distribution, etc. c1999
300 ## - PHYSICAL DESCRIPTION
Extent xiv, 80 p. ;
Dimensions 23 cm.
500 ## - GENERAL NOTE
General note Includes bibliographical references.
650 #4 - SUBJECT ADDED ENTRY--TOPICAL TERM
Topical term or geographic name entry element Conflict management.
650 #4 - SUBJECT ADDED ENTRY--TOPICAL TERM
Topical term or geographic name entry element Correctional personnel
General subdivision trends
650 #4 - SUBJECT ADDED ENTRY--TOPICAL TERM
Topical term or geographic name entry element Corrections.
Holdings
Withdrawn status Lost status Damaged status Not for loan Home library Current library Shelving location Date acquired Total checkouts Full call number Barcode Date last seen Price effective from Koha item type
        Franklin Franklin General stacks 22/03/2026   GEN BC0011213 22/03/2026 22/03/2026 Books